INTERPRETATION OF STATUTES (Record no. 195843)

MARC details
000 -LEADER
fixed length control field 00359nam a2200157Ia 4500
008 - FIXED-LENGTH DATA ELEMENTS--GENERAL INFORMATION
fixed length control field 220923s9999 xx 000 0 und d
020 ## - INTERNATIONAL STANDARD BOOK NUMBER
International Standard Book Number 9789350289938
082 ## - DEWEY DECIMAL CLASSIFICATION NUMBER
Item number SAR
100 ## - MAIN ENTRY--PERSONAL NAME
Personal name SARATHI, VEPA P.
245 #0 - TITLE STATEMENT
Title INTERPRETATION OF STATUTES
250 ## - EDITION STATEMENT
Edition statement 5TH
260 ## - PUBLICATION, DISTRIBUTION, ETC.
Date of publication, distribution, etc. 2013
300 ## - PHYSICAL DESCRIPTION
Extent 568
650 ## - SUBJECT ADDED ENTRY--TOPICAL TERM
Topical term or geographic name entry element Interpretation of Statutes
942 ## - ADDED ENTRY ELEMENTS (KOHA)
Koha item type Book
Holdings
Withdrawn status Lost status Damaged status Not for loan Home library Current library Shelving location Date acquired Cost, normal purchase price Total Checkouts Barcode Date last seen Date last checked out Price effective from Koha item type Public note
        Mewar University Central Library Mewar University Central Library Law 16/05/2017 490.00 1 L4405 30/09/2022 30/09/2022 16/05/2017 Book 7-2